| 000 -LEADER | |
|---|---|
| fixed length control field | 00378nam a22001217a 4500 |
| 020 ## - INTERNATIONAL STANDARD BOOK NUMBER | |
| ISBN | 1861521146 |
| 050 ## - LIBRARY OF CONGRESS CALL NUMBER | |
| Classification number | HF5351 |
| 100 ## - MAIN ENTRY--AUTHOR NAME | |
| Personal name | Malcolm, Warner |
| 245 ## - TITLE STATEMENT | |
| Title | Concise international encyclopedia of business and management |
| 260 ## - PUBLICATION, DISTRIBUTION, ETC. (IMPRINT) | |
| Place of publication | London |
| Name of publisher | International Thomson Business Press |
| Year of publication | 1997 |
| 300 ## - PHYSICAL DESCRIPTION | |
| Number of Pages | xii, 788p.:ill., includes bibliographical references and index |
| 942 ## - ADDED ENTRY ELEMENTS (KOHA) | |
| Koha item type | Books |
| Koha item type | Collection code | Shelving location | Accession Number | Permanent Location | Current Location | Date acquired | Full call number |
|---|---|---|---|---|---|---|---|
| Books | Reference | Reference | 2145 | Chapman Library | Chapman Library | 2017-01-04 | HF5351con |
| Books | Reference | Reference | 2146 | Chapman Library | Chapman Library | 2017-01-04 | HF5351con |

